Normal view
MARC view
- أبو النصر، حمزة حمزة
Entry Personal Name
001 - CONTROL NUMBER
- control field: 40339
003 - CONTROL NUMBER IDENTIFIER
- control field: JO-AjAnu
005 - DATE AND TIME OF LATEST TRANSACTION
- control field: 20230606080712.0
008 - FIXED-LENGTH DATA ELEMENTS
- fixed length control field: 230606|| aca||aabn | a|a d
040 ## - CATALOGING SOURCE
- Original cataloging agency: JO-AjAnu
- Transcribing agency: JO-AjAnu
100 ## - HEADING--PERSONAL NAME
- Personal name: أبو النصر، حمزة حمزة
670 ## - SOURCE DATA FOUND
- Source citation: Work cat.: (JO-AjAnu)20678: أبو النصر، حمزة حمزة, author, تيسير النحو والصرف: فوائد مجموعة في النحو والصرف واللغة